000 00414nam a2200181Ia 4500
001 8244
005 20260306160555.0
008 260306t2006||||xx |||||||||||||| ||spa||
041 _aESP
082 _a370.15
_bW81 2006
100 _aWoolfolk, Anita
_eAUT
245 0 _aPsicologĂ­a educativa
260 _c2006
300 _a669 páginas :
_ccm.
650 _aGEN
654 _aCED
942 _cLIB
_dJUS
_fJUS
_2ddc
_n
999 _c8244
_d8244